Efektivnost sociálního rozvoje pracovních kolektivů

Guardado en:
Detalles Bibliográficos
Autor principal: Nebeský, M.
Formato: Libro
Lenguaje:checo
Publicado: Praha Československý výzkumný ústav práce a sociálních věcí 1980
Colección:Výzkumná práce č. 87
Etiquetas: Agregar Etiqueta
Sin Etiquetas, Sea el primero en etiquetar este registro!

MARC

LEADER 00000nam a2200000 4500
001 c144106
005 20181203150544.5
041 0 |a cze 
044 |a CZ 
245 1 0 |a Efektivnost sociálního rozvoje pracovních kolektivů  |c M. Nebeský 
264 1 |a Praha  |b Československý výzkumný ústav práce a sociálních věcí  |c 1980 
300 |a 126 s. 
490 1 |a Výzkumná práce  |v č. 87 
830 0 |a Výzkumná práce  |v č. 87 
100 1 |a Nebeský, M.